Culture Générale - Série 1593 - Statistiques

Statistiques générales
  • Ce quiz a été pris 281 fois
  • Le résultat moyen est 5 sur 10
Statistiques - réponses
Question Réponse % Correct
Quel mot dérivé du latin "collegium", désigne un établissement d'enseignement, des classes de sixème, aux classes de troisième ? collège
97%
Depuis 1969, quel nom anglais porte le grand défilé annuel ayant pour but d'appeler au respect des droits des homosexuels ? Gay pride
92%
Quel équipement sportif, composé d'une toile tendue sur des ressorts d'acier, permet d'effectuer des figures en sautant et en rebondissant ? trampoline
92%
De quel arbre tropical sont issues les graines de cacao ? cacaoyer
78%
Quelle artère, qui prend naissance à la base du ventricule gauche du coeur, véhicule le sang oxygéné dans toutes les parties du corps ? aorte
73%
Quelle série télé raconte le quotidien des familles Newman et Abbott qui habitent la ville de Genoa City ? Les Feux de l'amour
33%
En 1990, dans la chanson “Presse qui roule”, quel artiste s'en prend aux médias en critiquant ouvertement les journalistes ? Florent Pagny
32%
Sous quel pseudonyme est mieux connu le chanteur Bruno Nicolini ? Bénabar
23%
Lors du tournage de quel film Grace Kelly a-t-elle rencontré le prince Rainier de Monaco ? La Main au collet
16%
Quel mot turc désigne un tapis d'Orient en laine tissée, originaire notamment d'Anatolie, d'Iran et du Caucase ? kilim
5%
Aucun quiz correspondant
Distribution des résultats
% des personnes avec chaque résultat
Percentile par nombre de réponses
Votre historique - résultats
Vous n’avez pas pris ce quiz